00926cam a2200289 a 4500001000800000003000400008005001700012007000400029008004100033010001700074020001500091040001900106043001200125050002200137082001900159100002400178245008500202250001300287260004400300300003900344500005300383504006800436650003400504650003800538700002000576740004000596110798100020170824113356.0000930826s1994 enkab b 001 0 eng  a 93035545  a0415107083 aUOELcDLCdDLC ae-uk---00aHT169.G7bC8 199400a361.6/09412201 aCullingworth, J. B.10aTown and country planning in Britain /cJ. Barry Cullingworth and Vincent Nadin. a11th ed. aLondon ;aNew York :bRoutledge,c1994. axx, 343 p. :bill., maps ;c25 cm. aCover title: Town & country planning in Britain. aIncludes bibliographical references (p. [276]-315) and indexes. 0aCity planningzGreat Britain. 0aRegional planningzGreat Britain.1 aNadin, Vincent.0 aTown & country planning in Britain.